000 00235 a2200097 4500
001 18836
100 _aHall &knight
245 _aSolutions of the examples in higher algebra
260 _a
_bMacmillan & CO
_c1932
090 _c13955
_d13955
942 _aNUST-CAE
_cM
_c4397
999 _c253909
_d253909